| 000 | 00454nam a2200181Ia 4500 | ||
|---|---|---|---|
| 001 | 4464 | ||
| 005 | 20260306145758.0 | ||
| 008 | 260306t2007||||xx |||||||||||||| ||spa|| | ||
| 041 | _aESP | ||
| 082 |
_a323 _bC22 2007 |
||
| 100 |
_aCalderón Sumarriva, Ana _eAUT |
||
| 245 | 0 | _aEl ABC del derecho internacional de los derechos humanos | |
| 260 | _c2007 | ||
| 300 |
_a90 páginas : _ccm. |
||
| 650 | _aGEN | ||
| 654 | _aCHU | ||
| 942 |
_cLIB _dJUS _fJUS _2ddc _n |
||
| 999 |
_c4464 _d4464 |
||